Aninhas e o Chapéu Mágico (Registo nº 198741)
[ vista simples ]
| 000 -Etiqueta do registo | |
|---|---|
| Valores | 00657nam 22002053 4500 |
| 100 ## - Dados gerais de processamento | |
| Dados gerais | 20251031d u||y0pory50 ba |
| 101 ## - Língua de publicação | |
| Língua | Português |
| 200 ## - Titulo e menção de responsabilidade | |
| Título próprio | Aninhas e o Chapéu Mágico |
| Primeira menção de responsabilidade | Inger Sandberg e Lasse Sandberg |
| 210 ## - Publicação | |
| Local de publicação | Lisboa |
| Nome do editor | Plátano Editora |
| Data de publicação | 1976 |
| 215 ## - Descrição física | |
| Paginação / Volumes | [32] p. : il. |
| Outras indicações físicas | Encadernado |
| Dimensões | 16 x 13 cm |
| 225 ## - Colecção | |
| Título próprio da colecção | Chapéu Mágico |
| Indicação de volume | 3 |
| 606 ## - Nome comum usado como assunto | |
| ID Autoridade | 8480 |
| Palavra de ordem | Literatura infantil Sueca |
| 675 ## - CDU | |
| Notação | 821.113.6-93/SAN/ANI |
| Edição | PT |
| Língua | por |
| 700 ## - Autor principal (pessoa individual) | |
| ID Autoridade | 14658 |
| Apelido | Sandberg |
| Nome | Inger |
| Datas | 1930-2023 |
| 701 ## - Co-autor principal (pessoa individual) | |
| ID Autoridade | 14659 |
| Apelido | Sandberg |
| Nome | Lasse |
| Datas | 1924-2008 |
| 801 ## - Fonte de origem | |
| País | PT |
| Agência | BMMN |
| Regras de catalogação | RPC |
| 830 ## - Notas gerais do catalogador | |
| Criado por | Carlos Pinto |
| Data de criação | 31-10-2025 |
| Indexado por | Carlos Pinto |
| 990 ## - Elementos KOHA | |
| Tipo de documento | Livro |
| Situação do levantamento | Biblioteca de origem | Código de barras | Cota | Permissão de empréstimo | Tipo de documento | Forma de aquisição |
|---|---|---|---|---|---|---|
| Biblioteca Escolar nº 2 | 27213 | 821.113.6-93/SAN/ANI | Livro | Compra |